Zobrané spisy. Zv. 1 /

Uložené v:
Podrobná bibliografia
Hlavný autor: Lenin, Vladimir Il´jič, 1870-1924
Médium: Kniha
Jazyk:Slovak
Russian
Vydané: Bratislava : Pravda, 1979.
Vydanie:2. slov. vyd.
ISBN: (viaz.)
Fyzický popis: 770 s.
Tagy: Pridať tag
Žiadne tagy, Buďte prvý kto otaguje tento záznam!

MARC

LEADER 00000nam a22000001 4500
001 000180708
005 20091114205424.0
008 020624s1979 xo g 000 0 slo d
020 |a (viaz.) 
040 |a SVKKK  |b slo  |c SVKKK  |e AACR2 
041 1 |a slo  |h rus 
044 |a xo  |c SK 
100 1 |a Lenin, Vladimir Il´jič,  |d 1870-1924 
240 1 0 |a Polnoje sobranije sočinenij, tom 1.  |l Slovensky 
245 1 0 |a Zobrané spisy.  |n Zv. 1 /  |c V. I. Lenin. 
250 |a 2. slov. vyd. 
260 |a Bratislava :  |b Pravda,  |c 1979. 
300 |a 770 s. 
500 |a Preklad z rus. orig. 
765 0 |t Polnoje sobranije sočinenij, tom 1.  |a Lenin, Vladimir Il´jič, 1870-1924 
910 |a svkkk 
998 |a BK 
090 |g SCKHL  |k Sklad Pribinova 2. posch.  |a II.250224  |j 601739  |i B172215  |s Strata 
090 |g SCKHL  |k Sklad Pribinova 2. posch.  |a II.250225  |j 601740  |i 180708-10  |s Strata 
090 |g SCKHL  |k Sklad Pribinova 2. posch.  |a II.250226  |j 601741  |i B172216  |s Absenčne